000 00699nam a2200181Ia 4500
003 GCL
008 140319s9999 xx 000 0 ara d
020 _a205487977
040 _aGCL /
_cGCL
082 0 4 _aق
_b932.022
_bا د
100 1 _aابواليسر فرح
245 1 0 _aالدولة والفرد فى مصر :
_bظاهرة هروب الفلاحين فى عصر الرومان /
_cابواليسر فرح
250 _aالاولى
260 _aالقاهرة :
_bعين للدراسات والبحوث الانسانية والاجتماعية ،
_c1994
300 _a242 ص ؛
_c22 سم
650 0 4 _aمصر القديمة - تاريخ - العصر الرومانى
942 _2ddc
_cBK
999 _c52496
_d52496